000 00944nam a2200265Ia 4500
003 OSt
005 20221005103956.0
006 a|||||r|||| 00| 0
007 ta
008 221004b |||||||| |||| 00| 0 hin d
020 _a9788179171356 (hbk)
_cINR 475.00
024 _a66389
037 _bGV719, 09/03/2020, Vani Prakashan
_cTextual
040 _aCRL
_cCRL
_bhin
041 _2hin
_ahin
082 _aX:54, 152Q3
100 _aमिश्र, गिरीश, ले.
245 0 _aनवउदारवाद
_b विभिन्न आयाम
246 _aNavaudāravāda: vibhinna āyāma
260 _aदिल्ली
_bग्रंथ शिल्पी भारत
_c2013
300 _a236पृ0
_ccm.
650 _aअर्थशास्त्र
942 _hX:54, 152Q3
_cTEXL
_2cc
999 _c1011420
_d1011420